000 00561nam a2200217 a 4500
999 _c5501
_d5501
001 5501
003 BD-JhCC
005 20180325131520.0
008 171217s1960 E a|||| ||a| 000 0 eng d
035 _a(BD-JhCC) 5501
040 _aBD-JhCC
_dBD-JhCC
041 _aeng
082 _a623.881
_bMUR 1959
100 _aMurphy, J. Stewart
245 _aHow they were built-ships /
_cJ. Stewart Murphy
260 _aLondon :
_bLondon OXFORD UNIVERSITY PRESS ,
_c1959
300 _a30 p .:
_c25 cm .
650 _aShips built
942 _2ddc
_cBK